000 00297nas a22001337a 4500
001 T027600012678-00
008 190830b xxu||||| |||| 00| 0 esp |
040 _aFEVP
_cFEVP
245 _aAmérica XXI
260 _c200601%
300 _a50p.
650 _aIntegración--América Latina
942 _cREV
999 _c17926
_d17926